000 00377nam a22001337a 4500
082 _a340.076
_bPAD
100 _aPadyar, Ch. Sabar Ali
245 _aLaw GAT 2023:
_bIncluding All Bare Acts & MCQS /
_cCh. Sabar Ali Padyar
260 _aLahore :
_bIrfan Law Book House,
_c2024.
300 _a728 p.
563 _aPB.
650 _aLaw, Law GAT
_9128283
942 _2ddc
_cBK
999 _c613303
_d613303